MARC details
| 000 -CABECERA |
| campo de control de longitud fija |
00904nam a2200241 a 4500 |
| 005 - FECHA Y HORA DE LA ÚLTIMA TRANSACCIÓN |
| campo de control |
20230519063647.0 |
| 008 - ELEMENTOS DE LONGITUD FIJA--INFORMACIÓN GENERAL |
| campo de control de longitud fija |
140218s2011 mx r 000 0 spa d |
| 020 ## - NÚMERO INTERNACIONAL NORMALIZADO PARA LIBROS |
| Número Internacional Estándar del Libro |
9788433025173 |
| 035 ## - NÚMERO DE CONTROL DEL SISTEMA |
| Número de control de sistema |
UPN01000195939 |
| 049 ## - COLECCIÓN |
| Colección |
CG |
| 050 #4 - SIGNATURA TOPOGRÁFICA DE LA BIBLIOTECA DEL CONGRESO |
| Número de clasificación |
BF723 A3 |
| Número de documento/Ítem |
G6.7 |
| 100 1# - ASIENTO PRINCIPAL--NOMBRE PERSONAL |
| Nombre de persona |
Gonzalo Marrodán, José Luis, |
| Fechas asociadas al nombre |
1967- |
| 9 (RLIN) |
35133 |
| 245 11 - MENCIÓN DE TÍTULO |
| Título |
¿Todo niño viene con un pan bajo el brazo? : |
| Resto del título |
guía para padres adoptivos con hijos con trastornos del apego / |
| Mención de responsabilidad, etc. |
José Luis Gonzalo Marrodán, Oscar Pérez-Muga ; pról. de Loretta Cornejo. |
| 260 ## - PUBLICACIÓN, DISTRIBUCIÓN, ETC. |
| Lugar de publicación, distribución, etc. |
España : |
| Nombre del editor, distribuidor, etc. |
Desclée de Brouwer, |
| Fecha de publicación, distribución, etc. |
c2011. |
| 300 ## - DESCRIPCIÓN FÍSICA |
| Extensión |
166 p. : |
| Otras características físicas |
il. |
| 440 #0 - MENCIÓN DE SERIE/ASIENTO SECUNDARIO--TÍTULO |
| Título |
AMAE |
| 650 #4 - ASIENTO SECUNDARIO DE MATERIA - TERMINO TEMATICO |
| Término de materia o nombre geográfico como elemento de entrada |
ADOPCION - |
| Subdivisión general |
ASPECTOS PSICOLOGICOS |
| 9 (RLIN) |
201 |
| 650 #0 - ASIENTO SECUNDARIO DE MATERIA - TERMINO TEMATICO |
| Término de materia o nombre geográfico como elemento de entrada |
Conducta de apego en los niños |
| 9 (RLIN) |
11480 |
| 650 #4 - ASIENTO SECUNDARIO DE MATERIA - TERMINO TEMATICO |
| Término de materia o nombre geográfico como elemento de entrada |
RESILIENCIA (RASGO DE LA PERSONALIDAD) EN NIÑOS |
| 9 (RLIN) |
6449 |
| 700 1# - ASIENTO SECUNDARIO--NOMBRE DE PERSONAL |
| Nombre de persona |
Pérez-Muga, Oscar, |
| Fechas asociadas al nombre |
1973- , |
| Término indicativo de función/relación |
coaut. |
| 905 ## - TIPO DE MATERIAL |
| Tipo de material |
Libro |